00401 a2200121 4500001001000000005001700010008004100027245008600068100001600154700002100170773007100191999001700262ART_4372820260410162025.0260409a 10aDemand shifts, population adjustments, and labor market outcomes during the 1980s1 aBound, John1 aHolzer, Harry J.0 tJournal of labor economicsg- Vol. 18, NÂș 1 (ene. 2000)wREV43438 c33493d33493